000 00668nam a2200217 a 4500
001 62843
003 BD-RjUL
005 20211209081128.0
008 170126s1961 enk||||| |||| 001 0 eng d
035 _a(BD-RjUL)62971
040 _aBD-RjUL
_beng
_cBD-RjUL
_dBD-RjUL
041 _aeng
082 _223
_a821.09
_bBUE 1961
100 1 _aBush, Douglas
_9186823
245 _aEnglish poetry :
_bthe main currents from Chaucer to the present /
_cDouglas Bush
260 _aLondon :
_bMethuen & co. ,
_cc1952 [reprinted 1961]
300 _aix, 222 p. ;
_b17 cm.
500 _aIncludes index
650 _a English poetry
_xHistory and criticism.
_9186751
942 _2ddc
_cBK
999 _c62843
_d62843